000 00377nam a2200157Ia 4500
008 221030s9999 xx 000 0 und d
020 _a8121908558
041 _aEnglish
082 _a105.23
100 _aK. K. Tewari
245 0 _aElectricity & Magnetism with Electronics
260 _bS. Chand & Co.
_aNew Delhi
_c2007
300 _a926
650 _aPhysics
942 _cBK
999 _c5649
_d5649